<?xml version="1.0" encoding="UTF-8"?>
<collection xmlns="http://www.loc.gov/MARC21/slim">
 <record>
  <leader>02134nam a22002777a 4500</leader>
  <controlfield tag="001">NCT_66481</controlfield>
  <controlfield tag="008">190812b        xxu||||| |||| 00| 0 vie d</controlfield>
  <datafield tag="999" ind1=" " ind2=" ">
   <subfield code="c">3214</subfield>
   <subfield code="d">3214</subfield>
  </datafield>
  <datafield tag="020" ind1=" " ind2=" ">
   <subfield code="a">9786048681562</subfield>
   <subfield code="c">68000</subfield>
  </datafield>
  <datafield tag="082" ind1="0" ind2="4">
   <subfield code="2">23rd ed.</subfield>
   <subfield code="a">341.48</subfield>
   <subfield code="b">T502</subfield>
  </datafield>
  <datafield tag="100" ind1="1" ind2=" ">
   <subfield code="a">Nguyễn Minh Tuấn</subfield>
   <subfield code="e">Chủ biên</subfield>
  </datafield>
  <datafield tag="245" ind1="1" ind2="0">
   <subfield code="a">Giới hạn chính đáng đối với các quyền con người, quyền công dân trong pháp luật quốc tế và pháp luật Việt Nam :</subfield>
   <subfield code="b">sách chuyên khảo</subfield>
   <subfield code="c">Nguyễn Minh Tuấn (chủ biên) ; Vũ Công Giao, Phạm Duyên Thảo</subfield>
  </datafield>
  <datafield tag="260" ind1=" " ind2=" ">
   <subfield code="a">H.</subfield>
   <subfield code="b">Hồng đức</subfield>
   <subfield code="c">2015</subfield>
  </datafield>
  <datafield tag="300" ind1=" " ind2=" ">
   <subfield code="a">227 tr.</subfield>
   <subfield code="c">24cm</subfield>
  </datafield>
  <datafield tag="500" ind1=" " ind2=" ">
   <subfield code="a">ĐTTS ghi: Đại học Quốc gia Hà Nội</subfield>
  </datafield>
  <datafield tag="520" ind1="3" ind2=" ">
   <subfield code="a">Triết lý và các điều kiện giới hạn quyền con người, quyền công dân trong pháp luật quốc tế; giới hạn quyền con người, quyền công dân trong pháp luật một số nước trên thế giới và Việt Nam; hoàn thiện pháp luật Việt Nam liên quan đến việc giới hạn quyền con người, quyền công dân.</subfield>
  </datafield>
  <datafield tag="653" ind1=" " ind2=" ">
   <subfield code="a">Luật học</subfield>
  </datafield>
  <datafield tag="700" ind1="1" ind2=" ">
   <subfield code="a">Vũ Công Giao</subfield>
  </datafield>
  <datafield tag="700" ind1="1" ind2=" ">
   <subfield code="a">Phạm Duyên Thảo</subfield>
  </datafield>
  <datafield tag="942" ind1=" " ind2=" ">
   <subfield code="2">ddc</subfield>
   <subfield code="c">BK</subfield>
  </datafield>
  <datafield tag="952" ind1=" " ind2=" ">
   <subfield code="0">0</subfield>
   <subfield code="1">0</subfield>
   <subfield code="2">ddc</subfield>
   <subfield code="4">0</subfield>
   <subfield code="6">341_480000000000000_T502</subfield>
   <subfield code="7">0</subfield>
   <subfield code="9">17368</subfield>
   <subfield code="a">000001</subfield>
   <subfield code="b">000001</subfield>
   <subfield code="d">2019-08-12</subfield>
   <subfield code="o">341.48 T502</subfield>
   <subfield code="p">MD.15508</subfield>
   <subfield code="r">2019-08-12</subfield>
   <subfield code="v">68000.00</subfield>
   <subfield code="w">2019-08-12</subfield>
   <subfield code="y">BK</subfield>
  </datafield>
  <datafield tag="952" ind1=" " ind2=" ">
   <subfield code="0">0</subfield>
   <subfield code="1">0</subfield>
   <subfield code="2">ddc</subfield>
   <subfield code="4">0</subfield>
   <subfield code="6">341_480000000000000_T502</subfield>
   <subfield code="7">0</subfield>
   <subfield code="9">17369</subfield>
   <subfield code="a">000001</subfield>
   <subfield code="b">000001</subfield>
   <subfield code="d">2019-08-12</subfield>
   <subfield code="o">341.48 T502</subfield>
   <subfield code="p">MD.15509</subfield>
   <subfield code="r">2019-08-12</subfield>
   <subfield code="v">68000.00</subfield>
   <subfield code="w">2019-08-12</subfield>
   <subfield code="y">BK</subfield>
  </datafield>
  <datafield tag="952" ind1=" " ind2=" ">
   <subfield code="0">0</subfield>
   <subfield code="1">0</subfield>
   <subfield code="2">ddc</subfield>
   <subfield code="4">0</subfield>
   <subfield code="6">341_480000000000000_T502</subfield>
   <subfield code="7">0</subfield>
   <subfield code="9">17370</subfield>
   <subfield code="a">000001</subfield>
   <subfield code="b">000001</subfield>
   <subfield code="d">2019-08-12</subfield>
   <subfield code="o">341.48 T502</subfield>
   <subfield code="p">MD.15510</subfield>
   <subfield code="r">2019-08-12</subfield>
   <subfield code="v">68000.00</subfield>
   <subfield code="w">2019-08-12</subfield>
   <subfield code="y">BK</subfield>
  </datafield>
  <datafield tag="952" ind1=" " ind2=" ">
   <subfield code="0">0</subfield>
   <subfield code="1">0</subfield>
   <subfield code="2">ddc</subfield>
   <subfield code="4">0</subfield>
   <subfield code="6">341_480000000000000_T502</subfield>
   <subfield code="7">0</subfield>
   <subfield code="9">17371</subfield>
   <subfield code="a">000001</subfield>
   <subfield code="b">000001</subfield>
   <subfield code="d">2019-08-12</subfield>
   <subfield code="o">341.48 T502</subfield>
   <subfield code="p">MD.15511</subfield>
   <subfield code="r">2019-08-12</subfield>
   <subfield code="v">68000.00</subfield>
   <subfield code="w">2019-08-12</subfield>
   <subfield code="y">BK</subfield>
  </datafield>
  <datafield tag="952" ind1=" " ind2=" ">
   <subfield code="0">0</subfield>
   <subfield code="1">0</subfield>
   <subfield code="2">ddc</subfield>
   <subfield code="4">0</subfield>
   <subfield code="6">341_480000000000000_T502</subfield>
   <subfield code="7">0</subfield>
   <subfield code="9">17372</subfield>
   <subfield code="a">000001</subfield>
   <subfield code="b">000001</subfield>
   <subfield code="d">2019-08-12</subfield>
   <subfield code="o">341.48 T502</subfield>
   <subfield code="p">MD.15512</subfield>
   <subfield code="r">2019-08-12</subfield>
   <subfield code="v">68000.00</subfield>
   <subfield code="w">2019-08-12</subfield>
   <subfield code="y">BK</subfield>
  </datafield>
  <datafield tag="980" ind1=" " ind2=" ">
   <subfield code="a">Thư viện Trường Đại học Nam Cần Thơ</subfield>
  </datafield>
 </record>
</collection>
